Warrior ascetics and Indian empires (Record no. 657)

MARC details
000 -LEADER
fixed length control field 00980 a2200241 4500
008 - FIXED-LENGTH DATA ELEMENTS--GENERAL INFORMATION
fixed length control field 080820t xxu||||| |||| 00| 0 eng d
010 ## - LIBRARY OF CONGRESS CONTROL NUMBER
LC control number ENG-84888
020 ## - INTERNATIONAL STANDARD BOOK NUMBER
International Standard Book Number 8175963670
Terms of availability 495.00
035 ## - SYSTEM CONTROL NUMBER
System control number EN-68421
037 ## - SOURCE OF ACQUISITION
Source of stock number/acquisition D.B.Act / Pub
082 ## - DEWEY DECIMAL CLASSIFICATION NUMBER
Classification number 294.54470954
100 ## - MAIN ENTRY--PERSONAL NAME
Personal name Pinch, William R.,
245 ## - TITLE STATEMENT
Title Warrior ascetics and Indian empires
Statement of responsibility, etc William R. Pinch.
260 ## - PUBLICATION, DISTRIBUTION, ETC. (IMPRINT)
Place of publication, distribution, etc New Delhi
Name of publisher, distributor, etc Foundation Books
Date of publication, distribution, etc 2006.
270 ## - ADDRESS
Address 4381/4, Ansari Road, Darya Ganj
City New Delhi
State or province Delhi
Postal code 110002
300 ## - PHYSICAL DESCRIPTION
Extent xi, 280 p. :
Other physical details ill., maps ;
Dimensions 22 cm. (Hb)
500 ## - GENERAL NOTE
General note Includes bibliographical references and index
650 ## - SUBJECT ADDED ENTRY--TOPICAL TERM
Topical term or geographic name as entry element Asceticism
General subdivision Hinduism.
650 ## - SUBJECT ADDED ENTRY--TOPICAL TERM
Topical term or geographic name as entry element Soldiers
Geographic subdivision India
General subdivision History.
651 ## - SUBJECT ADDED ENTRY--GEOGRAPHIC NAME
Geographic name India
General subdivision Social life and customs.
942 ## - ADDED ENTRY ELEMENTS (KOHA)
Institution code [OBSOLETE] dpl
Koha item type English Books
Call number prefix 294.54470954 / PIN
Source of classification or shelving scheme Dewey Decimal Classification
Classification part 294.54470954
Call number suffix PIN
Holdings
Withdrawn status Lost status Damaged status Not for loan Home library Current library Date acquired Cost, normal purchase price Total Checkouts Full call number Barcode Date last seen Copy number Uniform Resource Identifier Cost, replacement price Price effective from Koha item type
        D.B.Act.Division D.B.Act.Division 20/08/2008 495.00   294.54470954 PIN EN-68421 15/09/2008 1 641 495.00 15/09/2008 English Books

© Delhi Public Library
Hit Counter
free hit counter